Fr. Conceicao Rodrigues College of Engineering

Production and Operation Management (Record no. 22413)

MARC details
000 -LEADER
fixed length control field 00312nam a2200133Ia 4500
082 ## - DEWEY DECIMAL CLASSIFICATION NUMBER
Classification number 658.5
Item number HEI
100 ## - MAIN ENTRY--PERSONAL NAME
Personal name Heizer/Jay/ Render/Barry
245 ## - TITLE STATEMENT
Title Production and Operation Management
260 ## - PUBLICATION, DISTRIBUTION, ETC.
Name of publisher, distributor, etc. Allyn and Bacon
Place of publication, distribution, etc. Boston
Date of publication, distribution, etc. 1988
300 ## - PHYSICAL DESCRIPTION
Extent 815
546 ## - LANGUAGE NOTE
Language note ENGLISH
654 ## - SUBJECT ADDED ENTRY--FACETED TOPICAL TERMS
Focus term production
942 ## - ADDED ENTRY ELEMENTS (KOHA)
Koha item type Reference Book
Holdings
Withdrawn status Lost status Damaged status Not for loan Collection Home library Current library Shelving location Date acquired Cost, normal purchase price Total Checkouts Full call number Barcode Date last seen Cost, replacement price Price effective from Koha item type
        CRC Fr. Agnel's C.Rodrigues College of Engineering Fr. Agnel's C.Rodrigues College of Engineering   17/03/2023 347.13   658.5 HEI 2589 17/03/2023 347.13 17/03/2023 Reference Book